Případ pana Lály /
Na podzim se z pražské židovské obce vydává malá výprava na cestu za krásami jižní Francie. Mezi účastníky je i soukromý detektiv se svým svérázným pomocníkem panem Lálou. Jedné noci je pod skalním útesem nalezeno tělo Josefa Klausnera, muže s mnoha traumaty a nevypořádanou minulostí, který si svým...
Uloženo v:
| Hlavní autor: | |
|---|---|
| Médium: | E-kniha |
| Jazyk: | Czech |
| Vydáno: |
Praha :
MOBA,
2026
|
| Tagy: |
Žádné tagy |
| LEADER | 01311nam a22002297i 4500 | ||
|---|---|---|---|
| 001 | 291759 | ||
| 007 | ta | ||
| 008 | 260401s2026 xr ||||| |||| 00| 0 cze d | ||
| 020 | |a 9788027924639 | ||
| 044 | |a xr | ||
| 100 | 1 | |a Eidler, Petr |4 aut | |
| 245 | 1 | 0 | |a Případ pana Lály / |c Eidler, Petr |
| 264 | 1 | |a Praha : |b MOBA, |c 2026 | |
| 300 | |a 1 online zdroj (344 stran) | ||
| 336 | |a text |b txt |2 rdacontent | ||
| 337 | |a bez média |b n |2 rdamedia | ||
| 338 | |a online zdroj |b cr |2 rdacarrier | ||
| 520 | 2 | |a Na podzim se z pražské židovské obce vydává malá výprava na cestu za krásami jižní Francie. Mezi účastníky je i soukromý detektiv se svým svérázným pomocníkem panem Lálou. Jedné noci je pod skalním útesem nalezeno tělo Josefa Klausnera, muže s mnoha traumaty a nevypořádanou minulostí, který si svým chováním stačil znepřátelit všechny kolem sebe. Brzy je jasné, že nešlo o nehodu… | |
| 910 | |a RBIT002 | ||
| 998 | |d 425925 |a https://core.palmknihy.cz/api/books/425925/cover?tcjzhg |b https://core.palmknihy.cz/api/books/425925/cover/400?tcjzhg |c https://core.palmknihy.cz/api/books/425925/cover/50?tcjzhg |e 2031-11-24 |g 344 |i 9788027924639 |j https://core.palmknihy.cz/api/books/425925/preview.epub |l |q 49 |r 1 |s https://www.palmknihy.cz/kniha/425925 |t ebook |y 2026 |z 1 | ||
| 999 | |d 291757 | ||